[Event "DEN-chT1 2122 Gr1"]
[Site "Denmark"]
[Date "2022.02.13"]
[Round "3"]
[White "Kaaber Hansen, Jacob"]
[Black "Arnkilde, Anders"]
[Result "1/2-1/2"]
[WhiteElo "2131"]
[BlackElo "2023"]
[PlyCount "110"]
[EventDate "2021.10.31"]
[EventType "team-tourn"]
[EventRounds "7"]
[EventCountry "DEN"]
[SourceTitle "EXT 2025"]
[Source "ChessBase"]
[SourceDate "2024.10.14"]
[SourceVersion "1"]
[SourceVersionDate "2024.10.14"]
[SourceQuality "1"]
[WhiteTeam "Koge II"]
[BlackTeam "Nastved"]
[WhiteTeamCountry "DEN"]
[BlackTeamCountry "DEN"]

1. d4 Nf6 2. Nf3 d6 3. Nc3 c6 4. e4 Qa5 5. Qd3 e5 6. Bd2 Qc7 7. Be2 Be7 8. h3 Nbd7 9. 0-0 0-0 10. Rfe1 a6 11. a3 b5 12. b4 Re8 13. Bf1 Nb6 14. Ne2 Be6 15. Bc3 Bc4 16. Qe3 Nfd7 17. Ng3 f6 18. Bd3 Be6 19. Qe2 Na4 20. Bd2 Ndb6 21. c3 Nc4 22. Bc2 Nab6 23. Bb3 Bf8 24. Bc1 Bf7 25. Qc2 Bg6 26. Nh4 Bf7 27. Nhf5 exd4 28. cxd4 d5 29. Bd2 Qd7 30. Bc3 dxe4 31. Rxe4 Bg6 32. Rxe8 Rxe8 33. Qd3 Nd5 34. Be1 Nd6 35. Bc2 Kh8 36. Qf3 Nc4 37. Bc3 Nxc3 38. Qxc3 Qe6 39. Bd3 Bf7 40. Rc1 g6 41. Nh4 Bh6 42. Rd1 Qd6 43. Nf3 Bg7 44. Ne4 Qf4 45. Nc5 Bd5 46. Re1 Ra8 47. Be4 Bh6 48. g3 Qd6 49. Bxd5 Qxd5 50. a4 Bf8 51. a5 Bd6 52. Ne4 Be7 53. Nc5 Bd6 54. Ne4 Be7 55. Nc5 Bd6 1/2-1/2

[Event "Faxe Dags op"]
[Site "Faxe"]
[Date "2016.05.17"]
[Round "7"]
[White "Petersen, Bent Wester"]
[Black "Arnkilde, Anders"]
[Result "1/2-1/2"]
[WhiteElo "1936"]
[BlackElo "2034"]
[PlyCount "118"]
[EventDate "2016.03.30"]
[EventType "swiss"]
[EventRounds "7"]
[EventCountry "DEN"]
[SourceTitle "EXT 2021"]
[Source "ChessBase"]
[SourceDate "2020.10.23"]
[SourceVersion "1"]
[SourceVersionDate "2020.10.23"]
[SourceQuality "1"]

1. d4 Nf6 2. Nf3 e6 3. c4 b6 4. Nc3 Bb4 5. Qc2 c5 6. Bg5 cxd4 7. Nxd4 Bb7 8. e3 0-0 9. Rd1 Qe7 10. Nf3 Na6 11. a3 Bxc3+ 12. Qxc3 Nc5 13. Bxf6 gxf6 14. Bd3 f5 15. h4 f6 16. Rh3 d5 17. Nd4 Nxd3+ 18. Qxd3 Ba6 19. Nb5 dxc4 20. Qxc4 Rac8 21. Qa4 Bxb5 22. Qxb5 Rfd8 23. Rxd8+ Qxd8 24. Qb3 Rc1+ 25. Ke2 Qc8 26. Rg3+ Kf7 27. h5 Qa6+ 28. Kf3 Re1 29. Kf4 Qe2 30. Rf3 Rc1 31. Kg3 Rc4 32. Kh3 Qf1 33. Kh2 Rh4+ 34. Rh3 Rg4 35. Rg3 Qxf2 36. Rxg4 fxg4 37. Qd3 Qh4+ 38. Kg1 f5 39. Qd7+ Qe7 40. Qd4 e5 41. Qd5+ Kg7 42. Qc6 Qf6 43. Qc7+ Kh6 44. Qxa7 g3 45. Qd7 f4 46. e4 b5 47. b3 Qb6+ 48. Kh1 Qc5 49. Qe6+ Kg7 50. h6+ Kf8 51. Qf6+ Ke8 52. Qh8+ Kd7 53. Qxh7+ Ke6 54. Qf5+ Ke7 55. Qg5+ Ke6 56. Qg4+ Kf6 57. Qf5+ Ke7 58. Qh7+ Ke6 59. Qg8+ Ke7 1/2-1/2

[Event "Lovsprings op 10th"]
[Site "Ringsted"]
[Date "1998.05.29"]
[Round "7"]
[White "Jorgensen, Gert"]
[Black "Arnkilde, Anders"]
[Result "0-1"]
[WhiteElo "2005"]
[BlackElo "2059"]
[PlyCount "74"]
[EventDate "1998.03.13"]
[EventType "swiss"]
[EventRounds "7"]
[EventCountry "DEN"]
[SourceTitle "EXT 2018"]
[Source "ChessBase"]
[SourceDate "2017.10.13"]
[SourceVersion "1"]
[SourceVersionDate "2017.10.13"]
[SourceQuality "1"]

1. e4 e5 2. Nf3 Nc6 3. Bb5 a6 4. Ba4 b5 5. Bb3 Bb7 6. d3 Bc5 7. 0-0 Nf6 8. Bg5 h6 9. Bh4 d6 10. c3 Bb6 11. a4 Rb8 12. Na3 b4 13. Nc4 Ba7 14. a5 g5 15. Bg3 0-0 16. Ne3 Ne7 17. h4 g4 18. Nxe5 dxe5 19. Bxe5 Ng6 20. Nxg4 Nxg4 21. Qxg4 Kh7 22. Bg3 Bc8 23. Qd1 Nxh4 24. Rc1 Qg5 25. d4 Be6 26. Bxe6 fxe6 27. cxb4 Rf7 28. Rc4 Rg8 29. Qc2 Rgg7 30. Qc1 Qg4 31. Kh2 e5 32. Rc6 Qh5 33. Kg1 Bxd4 34. Bxh4 Qxh4 35. Rxa6 Rxg2+ 36. Kxg2 Rg7+ 37. Kf3 Qg4# 0-1

[Event "Lovsprings op 10th"]
[Site "Ringsted"]
[Date "1998.04.17"]
[Round "4"]
[White "Madsen, Morten"]
[Black "Arnkilde, Anders"]
[Result "0-1"]
[WhiteElo "1976"]
[BlackElo "2059"]
[PlyCount "120"]
[EventDate "1998.03.13"]
[EventType "swiss"]
[EventRounds "7"]
[EventCountry "DEN"]
[SourceTitle "EXT 2018"]
[Source "ChessBase"]
[SourceDate "2017.10.13"]
[SourceVersion "1"]
[SourceVersionDate "2017.10.13"]
[SourceQuality "1"]

1. e4 e6 2. d4 d5 3. e5 c5 4. c3 Nc6 5. Nf3 Qb6 6. Be2 Nge7 7. dxc5 Qc7 8. 0-0 Ng6 9. b4 Bd7 10. Nd4 Ngxe5 11. Nb5 Qb8 12. f4 a6 13. N5a3 Ng6 14. f5 exf5 15. Qxd5 Be6 16. Qd1 Nce5 17. Qa4+ Bd7 18. Qc2 Be7 19. Nc4 Nxc4 20. Bxc4 0-0 21. Bd3 f4 22. Qd2 Bb5 23. Bxb5 axb5 24. Qe2 b6 25. c6 Bd6 26. Qxb5 f3 27. Rxf3 Bxh2+ 28. Kf1 Re8 29. Be3 Rxe3 30. Rxe3 Qf4+ 31. Ke2 Bg1 32. Rf3 Qc1 33. c7 Nf4+ 34. Rxf4 Qxf4 35. Qd7 Qc4+ 36. Kd1 Rf8 37. Nd2 Qa6 38. Kc2 Bh2 39. Kb3 Qb7 40. Re1 Bxc7 41. Nf3 Qb8 42. Ng5 Bg3 43. Qd3 g6 44. Rh1 Qe5 45. Ne4 Qe6+ 46. Kb2 Ra8 47. a3 Bf4 48. Rf1 Be5 49. Rf3 Ra7 50. Rh3 Qg4 51. Qd8+ Kg7 52. Qd3 Qxg2+ 53. Kb3 Qg4 54. Qe3 Rc7 55. Qh6+ Kg8 56. Qxh7+ Kf8 57. Qh6+ Bg7 58. Qe3 Re7 59. Qxb6 Qxh3 60. Qd8+ Re8 0-1

[Event "Lovsprings op 10th"]
[Site "Ringsted"]
[Date "1998.03.20"]
[Round "2"]
[White "Foli, Karsten"]
[Black "Arnkilde, Anders"]
[Result "0-1"]
[WhiteElo "1932"]
[BlackElo "2059"]
[PlyCount "98"]
[EventDate "1998.03.13"]
[EventType "swiss"]
[EventRounds "7"]
[EventCountry "DEN"]
[SourceTitle "EXT 2018"]
[Source "ChessBase"]
[SourceDate "2017.10.13"]
[SourceVersion "1"]
[SourceVersionDate "2017.10.13"]
[SourceQuality "1"]

1. e4 e5 2. Bc4 Nc6 3. d3 Bc5 4. Ne2 d6 5. 0-0 Nf6 6. Be3 0-0 7. Bxc5 dxc5 8. Nbc3 Nd4 9. h3 c6 10. a4 g6 11. Nxd4 cxd4 12. Ne2 Be6 13. Bxe6 fxe6 14. Qd2 Nh5 15. Kh2 g5 16. g3 Qf6 17. Ng1 Rf7 18. Qe2 Ng7 19. Kg2 Raf8 20. Rab1 h5 21. b4 Rc8 22. Rbc1 c5 23. Rb1 Rfc7 24. Rfc1 c4 25. Qd2 g4 26. a5 Rf8 27. Rf1 cxd3 28. cxd3 gxh3+ 29. Kxh3 h4 30. g4 Rfc8 31. Rb2 Rc3 32. f4 exf4 33. Rxf4 Rxd3+ 34. Qxd3 Qxf4 35. Ne2 Qf2 36. Qxd4 Qf3+ 37. Kxh4 Qh1+ 38. Kg3 Rf8 39. Qe3 e5 40. Rc2 Ne6 41. Rc1 Qh7 42. Ng1 Rf4 43. Rc4 Qg6 44. Qe2 Ng5 45. Nh3 Nxe4+ 46. Kh2 Qxg4 47. Qd3 Qh4 48. Rc8+ Kg7 49. Rc7+ Kg6 0-1

[Event "Lovsprings op 09th"]
[Site "Ringsted"]
[Date "1997.04.04"]
[Round "3"]
[White "Arnkilde, Anders"]
[Black "Kronow, Jacob Nissen"]
[Result "0-1"]
[WhiteElo "2015"]
[BlackElo "1965"]
[PlyCount "82"]
[EventDate "1997.03.14"]
[EventType "swiss"]
[EventRounds "7"]
[EventCountry "DEN"]
[SourceTitle "EXT 2018"]
[Source "ChessBase"]
[SourceDate "2017.10.13"]
[SourceVersion "1"]
[SourceVersionDate "2017.10.13"]
[SourceQuality "1"]

1. d4 Nf6 2. Nf3 d6 3. c4 g6 4. Nc3 Bg7 5. e4 0-0 6. Be2 e5 7. 0-0 Nc6 8. d5 Ne7 9. Bd2 Nd7 10. b4 f5 11. exf5 gxf5 12. Ng5 Nf6 13. f4 e4 14. Rc1 h6 15. Ne6 Bxe6 16. dxe6 Qc8 17. Be3 Qxe6 18. Nb5 Ne8 19. h3 Kh7 20. g4 Rg8 21. Kh1 a6 22. Nd4 Bxd4 23. Bxd4 Nf6 24. Rg1 Raf8 25. Be3 c6 26. g5 hxg5 27. fxg5 Nd7 28. Bf4 Ne5 29. Bh5 Nd3 30. g6+ Kg7 31. Qd2 Rh8 32. Qc3+ Qf6 33. Qxf6+ Rxf6 34. Bg5 Re6 35. Be2 Nxc1 36. Bxc1 Rxh3+ 37. Kg2 Rxg6+ 38. Kxh3 Rxg1 39. Bf4 Re1 40. c5 d5 41. Be5+ Kg6 0-1

[Event "Lovsprings op 08th"]
[Site "Ringsted"]
[Date "1996.04.19"]
[Round "6"]
[White "Arnkilde, Anders"]
[Black "Bromann, Thorbjorn"]
[Result "0-1"]
[WhiteElo "1997"]
[BlackElo "2149"]
[PlyCount "120"]
[EventDate "1996.03.08"]
[EventType "swiss"]
[EventRounds "7"]
[EventCountry "DEN"]
[SourceTitle "EXT 2018"]
[Source "ChessBase"]
[SourceDate "2017.10.13"]
[SourceVersion "1"]
[SourceVersionDate "2017.10.13"]
[SourceQuality "1"]

1. e4 e6 2. d4 d5 3. Nc3 Nf6 4. exd5 exd5 5. Bd3 Nc6 6. Nf3 Bg4 7. Bb5 a6 8. Bxc6+ bxc6 9. 0-0 Be7 10. Qd3 Nd7 11. Ne5 Nxe5 12. dxe5 Qd7 13. Bf4 Bf5 14. Qe2 Bg6 15. Bg3 Qf5 16. Rac1 0-0 17. Nd1 Rfb8 18. Ne3 Qe4 19. c3 a5 20. f3 Qa4 21. b3 Qa3 22. Kh1 a4 23. b4 Bxb4 24. cxb4 Bd3 25. Qd2 Bxf1 26. Rxf1 Rxb4 27. Nf5 h6 28. Ne7+ Kh8 29. Nxc6 Rb2 30. Qxd5 Qxa2 31. Qe4 Re2 32. Qf5 Qc2 33. Qd7 Rd2 34. Qxc7 Rd1 35. Kg1 Rxf1+ 36. Kxf1 a3 37. Qb7 Qa4 38. Nb8 Qd1+ 39. Be1 Qd3+ 40. Kf2 Qd4+ 41. Kf1 Qd3+ 42. Kf2 a2 43. Qxa8 Qd4+ 44. Kg3 Qxe5+ 45. Kh3 a1Q 46. Nd7+ Qxa8 47. Nxe5 Qe8 48. f4 g5 49. g3 f6 50. Nf3 Qe2 51. fxg5 Qxf3 52. Bd2 Qf1+ 53. Kh4 fxg5+ 54. Bxg5 hxg5+ 55. Kxg5 Qh3 56. g4 Qxh2 57. Kg6 Qf2 58. g5 Kg8 59. Kh6 Kf7 60. Kh7 Qh2# 0-1

[Event "Lovsprings op 07th"]
[Site "Ringsted"]
[Date "1995.03.17"]
[Round "2"]
[White "Pedersen, Henrik Dahl"]
[Black "Arnkilde, Anders"]
[Result "1-0"]
[WhiteElo "1918"]
[BlackElo "1996"]
[PlyCount "133"]
[EventDate "1995.03.10"]
[EventType "swiss"]
[EventRounds "7"]
[EventCountry "DEN"]
[SourceTitle "EXT 2018"]
[Source "ChessBase"]
[SourceDate "2017.10.13"]
[SourceVersion "1"]
[SourceVersionDate "2017.10.13"]
[SourceQuality "1"]

1. c4 Nf6 2. Nc3 g6 3. g3 Bg7 4. Bg2 0-0 5. d4 c6 6. b3 d5 7. Bb2 b6 8. Nh3 Bb7 9. 0-0 Nbd7 10. Nf4 e6 11. e3 Rc8 12. Re1 Re8 13. Rc1 Ba6 14. Nd3 Bf8 15. Nb1 Ne4 16. Nd2 Nxd2 17. Qxd2 Nf6 18. Nb4 Bb7 19. Ba3 Ne4 20. Qb2 Bg7 21. Qb1 c5 22. dxc5 bxc5 23. Nd3 Ba8 24. cxd5 Qa5 25. Bxe4 Qxa3 26. d6 Red8 27. Bxa8 Rxa8 28. Rc4 Qa5 29. Nxc5 Qb6 30. Re4 Qxd6 31. Nb7 Qd2 32. Rc1 Rf8 33. a4 Rab8 34. b4 Qd7 35. Nc5 Qd2 36. Qc2 Qd6 37. Rd1 Qe7 38. Nd7 Rxb4 39. Rxb4 Qxb4 40. Nxf8 Bxf8 41. Rb1 Qa3 42. Qe4 a5 43. Rb7 Bb4 44. Qc6 Kg7 45. Qf3 Be7 46. Ra7 Qc3 47. Qb7 Kf6 48. Qc7 Qb4 49. Qf4+ Qxf4 50. gxf4 Bb4 51. h3 h6 52. Kg2 g5 53. fxg5+ hxg5 54. Kf3 Kg6 55. Ra6 Kf5 56. Rb6 Bc3 57. e4+ Ke5 58. Rb5+ Kf6 59. Kg4 Bd2 60. Kh5 e5 61. Rb6+ Ke7 62. Kg4 Be1 63. f3 f6 64. Kf5 Bh4 65. Ra6 Be1 66. Rxf6 Bd2 67. Re6+ 1-0

[Event "Lovsprings op 06th"]
[Site "Ringsted"]
[Date "1994.05.01"]
[Round "5"]
[White "Jensen, Leif"]
[Black "Arnkilde, Anders"]
[Result "1/2-1/2"]
[WhiteElo "2047"]
[BlackElo "1955"]
[PlyCount "134"]
[EventDate "1994.03.27"]
[EventType "swiss"]
[EventRounds "7"]
[EventCountry "DEN"]
[SourceTitle "EXT 2018"]
[Source "ChessBase"]
[SourceDate "2017.10.13"]
[SourceVersion "1"]
[SourceVersionDate "2017.10.13"]
[SourceQuality "1"]

1. e4 e5 2. Nc3 Bc5 3. Bc4 d6 4. d3 Nf6 5. Bg5 Be6 6. Bb3 0-0 7. Qd2 c6 8. Nge2 Bb4 9. 0-0 Bxb3 10. axb3 Nbd7 11. Ng3 Re8 12. Ra4 a5 13. Qe2 Nc5 14. Ra2 Ne6 15. Bxf6 Qxf6 16. Qg4 Nd4 17. Qd1 Ne6 18. Nce2 Bc5 19. Qd2 Bb4 20. Qe3 Bc5 21. Qf3 Qxf3 22. gxf3 Bb6 23. Kg2 g6 24. Rfa1 Rad8 25. Nf1 Nf4+ 26. Nxf4 exf4 27. Nd2 d5 28. Rg1 f6 29. Kf1 Kf7 30. Ke2 Re5 31. Rg4 h5 32. Rg2 g5 33. Ra1 Bc7 34. Rag1 Rg8 35. h4 Bd8 36. d4 Re6 37. hxg5 fxg5 38. Kd3 Reg6 39. Ra1 g4 40. fxg4 Rxg4 41. Rh2 h4 42. b4 Rg2 43. Rxg2 Rxg2 44. Ke2 h3 45. exd5 h2 46. Nf3 Bh4 47. Nxh2 Rxf2+ 48. Kd3 Rxh2 49. dxc6 bxc6 50. bxa5 Bg3 51. a6 Rh8 52. Ke4 Ke6 53. c4 Kd6 54. b4 Re8+ 55. Kf3 Kc7 56. a7 Ra8 57. Ra4 Kb6 58. Ra1 Rxa7 59. Rxa7 Kxa7 60. d5 cxd5 61. cxd5 Kb6 62. Ke4 Kb5 63. Kf3 Kc4 64. d6 Kxb4 65. d7 Bh4 66. Kxf4 Kc5 67. Kg4 Bd8 1/2-1/2

[Event "Lovsprings op 05th A"]
[Site "Ringsted"]
[Date "1993.05.16"]
[Round "7"]
[White "Madsen, Hans Henrik"]
[Black "Arnkilde, Anders"]
[Result "1-0"]
[WhiteElo "2057"]
[BlackElo "1954"]
[PlyCount "97"]
[EventDate "1993.03.26"]
[EventType "swiss"]
[EventRounds "6"]
[EventCountry "DEN"]
[SourceTitle "EXT 2023"]
[Source "ChessBase"]
[SourceDate "2022.10.05"]
[SourceVersion "1"]
[SourceVersionDate "2022.10.05"]
[SourceQuality "1"]

1. Nf3 d5 2. g3 c5 3. c4 e6 4. Bg2 Nc6 5. 0-0 Nf6 6. cxd5 exd5 7. d4 cxd4 8. Nxd4 Qb6 9. Nb3 Be6 10. Be3 Qc7 11. Nc3 Bb4 12. Nb5 Qd8 13. a3 Be7 14. N5d4 0-0 15. Nxc6 bxc6 16. Rc1 Qd7 17. Nc5 Bxc5 18. Rxc5 Bh3 19. Qa4 Rfc8 20. Rd1 Bxg2 21. Kxg2 Qb7 22. Rc2 d4 23. Bd2 c5+ 24. Kg1 Nd5 25. Rdc1 Nb6 26. Qb3 Qe7 27. Qf3 h6 28. Ba5 Rab8 29. b4 cxb4 30. Bxb4 Rxc2 31. Rxc2 Qe5 32. Rc5 Qe6 33. Rc6 Qa2 34. Rc7 Re8 35. Rxa7 Rxe2 36. Rb7 Na4 37. Rb8+ Kh7 38. Qf5+ g6 39. Qf6 Qb1+ 40. Kg2 Qe4+ 41. Kf1 Qb1+ 42. Kxe2 d3+ 43. Kf3 Qh1+ 44. Ke3 Qc1+ 45. Bd2 Qc5+ 46. Qd4 Qg5+ 47. Kxd3 Qf5+ 48. Ke2 Qh5+ 49. g4 1-0